[Event "FRM-chT2"]
[Site "Skopje"]
[Date "2023.06.04"]
[Round "5"]
[White "Milic, Goran"]
[Black "Rajchovski, Lazar"]
[Result "0-1"]
[WhiteElo "2201"]
[BlackElo "1937"]
[PlyCount "90"]
[EventDate "2023.05.27"]
[EventType "team-tourn"]
[EventRounds "6"]
[EventCountry "MKD"]
[SourceTitle "CBM 214 Extra"]
[Source "ChessBase"]
[SourceDate "2023.07.31"]
[SourceVersion "1"]
[SourceVersionDate "2023.07.31"]
[SourceQuality "1"]

1. d4 d5 2. c4 e6 3. Nc3 Nf6 4. Bg5 Be7 5. e3 Nbd7 6. Nf3 0-0 7. cxd5 Nxd5 8. Bxe7 Qxe7 9. Rc1 c6 10. Be2 Nxc3 11. Rxc3 e5 12. 0-0 e4 13. Nd2 Nb6 14. Qb1 f5 15. f3 exf3 16. Bxf3 Be6 17. e4 Qd7 18. Rd3 fxe4 19. Bxe4 Rxf1+ 20. Nxf1 Bf5 21. Ng3 Bxe4 22. Nxe4 Rf8 23. Qd1 Nd5 24. Rf3 Nf6 25. Nc5 Qe7 26. Qb3+ Nd5 27. Rxf8+ Kxf8 28. Qf3+ Kg8 29. Kf2 Qh4+ 30. Ke2 Qxd4 31. Qf8+ Kxf8 32. Ne6+ Ke7 33. Nxd4 Nf4+ 34. Kf3 Nd3 35. Nf5+ Kf6 36. Nd6 b5 37. b3 Nc1 38. Ke4 Nxa2 39. Kd4 a5 40. Kc5 a4 41. bxa4 bxa4 42. Kxc6 Nb4+ 43. Kb5 a3 44. Ne4+ Ke5 45. Nc5 a2 0-1

[Event "FRM-chT2"]
[Site "Skopje"]
[Date "2023.05.28"]
[Round "3"]
[White "Milic, Goran"]
[Black "Simeonov, Angel"]
[Result "1-0"]
[WhiteElo "2201"]
[BlackElo "2133"]
[PlyCount "105"]
[EventDate "2023.05.27"]
[EventType "team-tourn"]
[EventRounds "6"]
[EventCountry "MKD"]
[SourceTitle "CBM 214 Extra"]
[Source "ChessBase"]
[SourceDate "2023.07.31"]
[SourceVersion "1"]
[SourceVersionDate "2023.07.31"]
[SourceQuality "1"]

1. d4 Nf6 2. Nf3 c5 3. d5 d6 4. c4 g6 5. g3 Bg7 6. Bg2 0-0 7. 0-0 e6 8. dxe6 Bxe6 9. Ng5 Nc6 10. Nxe6 fxe6 11. Nc3 Qe7 12. Bf4 Rad8 13. Qd2 Nh5 14. Bg5 Bf6 15. Bxf6 Nxf6 16. Rad1 Kg7 17. b3 Rd7 18. e3 Rfd8 19. Ne4 Nxe4 20. Bxe4 d5 21. Bg2 Qf6 22. Qc2 b6 23. Qe2 Na5 24. cxd5 exd5 25. Rd2 c4 26. b4 Nc6 27. b5 Ne7 28. Rfd1 Qe5 29. Bh3 Rc7 30. Rc2 Rc5 31. a4 Rd6 32. Rd4 Nf5 33. Bxf5 Qxf5 34. Qd2 Re6 35. Qc3 Kg8 36. Rcd2 g5 37. h4 gxh4 38. Rxh4 Re4 39. Rxe4 Qxe4 40. Rd4 Qe6 41. Kg2 Rc7 42. e4 dxe4 43. Rd8+ Kf7 44. Qh8 Kg6 45. Qd4 Kf7 46. Qh8 Kg6 47. Rg8+ Kh6 48. Re8 Qf5 49. Qd4 c3 50. Qd6+ Qg6 51. Re6 Rc5 52. Qf4+ Kg7 53. Re7+ 1-0

[Event "FRM-chT2"]
[Site "Skopje"]
[Date "2023.05.27"]
[Round "1"]
[White "Milic, Goran"]
[Black "Janevski, Boris"]
[Result "1-0"]
[WhiteElo "2201"]
[BlackElo "1599"]
[PlyCount "133"]
[EventDate "2023.05.27"]
[EventType "team-tourn"]
[EventRounds "6"]
[EventCountry "MKD"]
[SourceTitle "CBM 214 Extra"]
[Source "ChessBase"]
[SourceDate "2023.07.31"]
[SourceVersion "1"]
[SourceVersionDate "2023.07.31"]
[SourceQuality "1"]

1. d4 e6 2. c4 d5 3. Nc3 Nf6 4. Bg5 Be7 5. e3 b6 6. Nf3 0-0 7. Rc1 Bb7 8. Bxf6 Bxf6 9. cxd5 exd5 10. Bd3 Re8 11. 0-0 Nd7 12. Nb5 c5 13. Nd6 Qc7 14. Nxe8 Rxe8 15. Bb5 Rc8 16. Qa4 Nf8 17. Ba6 Ne6 18. Bxb7 Qxb7 19. Qc2 c4 20. a4 a6 21. b3 b5 22. axb5 axb5 23. Rb1 b4 24. Rfc1 c3 25. Ne1 Re8 26. Qd3 Ng5 27. Nc2 Ne4 28. Ra1 Bh4 29. g3 Qc8 30. Nxb4 Qf5 31. Rc2 Qg5 32. Qb5 Rd8 33. Kg2 Qf5 34. Qd3 Qh5 35. Ra5 Nd2 36. Rxd2 cxd2 37. Qxd2 Bf6 38. Qc2 g6 39. Rc5 Kg7 40. Nd3 g5 41. h3 Be7 42. Rc8 Rxc8 43. Qxc8 Qg6 44. Qc2 Qe4+ 45. Kg1 Bd6 46. Ne1 Qe6 47. Kg2 h6 48. Nf3 Qd7 49. Qd3 Qb7 50. h4 g4 51. Ng1 Qc8 52. Ne2 Qe6 53. Nc3 Bb4 54. Kg1 Bxc3 55. Qxc3 Qf5 56. Qb2 Qd3 57. b4 Qb5 58. Qb1 h5 59. Qf5 Qxb4 60. Qxd5 Qb1+ 61. Kg2 f5 62. Qe5+ Kf7 63. Qf4 Ke6 64. Qh6+ Kd5 65. Qf4 Kc4 66. Qe5 Kc3 67. Qa5+ 1-0

[Event "FRM-chT2 GpA"]
[Site "Ohrid"]
[Date "2021.07.05"]
[Round "4.1"]
[White "Jashari, Ardian"]
[Black "Milic, Goran"]
[Result "0-1"]
[WhiteElo "2091"]
[BlackElo "2216"]
[PlyCount "106"]
[EventDate "2021.07.03"]
[EventType "team-tourn"]
[EventRounds "5"]
[EventCountry "MKD"]
[SourceTitle "EXT 2022"]
[Source "ChessBase"]
[SourceDate "2021.10.06"]
[SourceVersion "1"]
[SourceVersionDate "2021.10.06"]
[SourceQuality "1"]
[WhiteTeam "Tetovo Shkendija"]
[BlackTeam "Kumanovo Fisher"]
[WhiteTeamCountry "MKD"]
[BlackTeamCountry "MKD"]

1. e4 e5 2. Nf3 d6 3. d4 exd4 4. Nxd4 Be7 5. Nc3 Nc6 6. Be2 Nf6 7. Be3 0-0 8. Qd2 a6 9. Nxc6 bxc6 10. 0-0 Re8 11. Rad1 Bf8 12. Bf4 Bd7 13. Bf3 Bg4 14. Qd3 Qb8 15. b3 Qb4 16. Bxg4 Nxg4 17. Bd2 Qc5 18. h3 Nf6 19. Qe3 Nd7 20. Qd3 g6 21. Be3 Qh5 22. f3 Bg7 23. Ne2 Qa5 24. Bd4 Ne5 25. Qd2 Qxd2 26. Rxd2 Rab8 27. Bxe5 Bxe5 28. Nd4 Rb6 29. Kf2 c5 30. Ne2 Rb4 31. Rfd1 h5 32. h4 a5 33. Nc1 Rbb8 34. Nd3 Bd4+ 35. Kf1 a4 36. Re2 axb3 37. axb3 Ra8 38. Nf4 Kf8 39. Nd5 Ra7 40. Ne3 Rea8 41. Nc4 Ra1 42. Rxa1 Rxa1+ 43. Re1 Ra2 44. Re2 Ke7 45. g3 Kd7 46. f4 c6 47. e5 d5 48. Nb6+ Ke6 49. Na4 c4 50. Ke1 cxb3 51. cxb3 Ra1+ 52. Kd2 Rg1 53. Kd3 Ba7 0-1

[Event "FRM CupT"]
[Site "Skopje"]
[Date "2008.05.18"]
[Round "5"]
[White "Dinev, Dejan"]
[Black "Milic, Goran"]
[Result "1-0"]
[WhiteElo "2298"]
[BlackElo "2241"]
[PlyCount "21"]
[EventDate "2008.05.14"]
[EventType "team-tourn"]
[EventRounds "9"]
[EventCountry "MKD"]
[SourceTitle "CBM 124 Extra"]
[Source "ChessBase"]
[SourceDate "2008.07.03"]
[SourceVersion "1"]
[SourceVersionDate "2008.07.03"]
[SourceQuality "1"]

1. d4 Nf6 2. Nf3 c5 3. e3 b6 4. Bd3 Bb7 5. 0-0 d6 6. c3 e6 7. Re1 Nbd7 8. e4 e5 9. Bg5 Be7 10. Nbd2 0-0 11. h3 1-0

[Event "FRM CupT"]
[Site "Skopje"]
[Date "2008.05.17"]
[Round "4"]
[White "Stojkovska, Monika"]
[Black "Milic, Goran"]
[Result "0-1"]
[WhiteElo "1896"]
[BlackElo "2241"]
[PlyCount "120"]
[EventDate "2008.05.14"]
[EventType "team-tourn"]
[EventRounds "9"]
[EventCountry "MKD"]
[SourceTitle "CBM 124 Extra"]
[Source "ChessBase"]
[SourceDate "2008.07.03"]
[SourceVersion "1"]
[SourceVersionDate "2008.07.03"]
[SourceQuality "1"]

1. e4 e5 2. Nf3 Nf6 3. Nxe5 d6 4. Nf3 Nxe4 5. Nc3 Nxc3 6. dxc3 Be7 7. Bf4 Nd7 8. Qd2 Nc5 9. Bc4 Be6 10. Qe2 0-0 11. 0-0-0 Re8 12. Kb1 Bf6 13. Be3 Ne4 14. Nd4 Bxc4 15. Qxc4 c6 16. Nf5 d5 17. Qd3 Nd6 18. g4 Nxf5 19. Qxf5 g6 20. Qd3 Qe7 21. Rhe1 Qe5 22. h3 Qh2 23. Qf1 Re6 24. Qh1 Qxh1 25. Rxh1 b6 26. Kc1 Rae8 27. Kd2 Re4 28. Rhe1 Bh4 29. Kd3 c5 30. Rf1 Kg7 31. Rde1 Bg5 32. Kd2 Bxe3+ 33. Rxe3 Rxe3 34. fxe3 Re5 35. Rf4 h5 36. Ke2 hxg4 37. hxg4 Re8 38. Kf2 f6 39. Rf3 Rh8 40. Kg2 Rh4 41. Rg3 g5 42. Kg1 Kf7 43. Rg2 Ke6 44. Kf2 Rh3 45. Ke2 Ke5 46. Kd2 Ke4 47. Rf2 Rf3 48. Re2 Rg3 49. Rf2 Rxg4 50. Rxf6 Rg2+ 51. Kd1 Kxe3 52. Re6+ Kf4 53. Rd6 Ke5 54. Rd8 Rf2 55. Re8+ Kf4 56. Rf8+ Kg3 57. Rd8 Rf5 58. Ke1 g4 59. Rg8 Kh3 60. Rh8+ Kg2 0-1